• 首页
  • 本馆介绍
  • 公告通知
  • 最新文献
  • 馆藏检索
  • 电子资源
  • 读者导购
  • 参考咨询
  • 我的图书馆
  • 登录
  • 详细信息显示
  • 放入我的书架
  • 预约/预借图书
  • 作者相关作品
  • 分类相关作品
  • 丛书相关作品
  • 出版社相关作品

书目信息

  • 表格格式
  • 工作单格式
  • 卡片格式
题名:
售罄之道
    
 
作者: 王敏 著
分册:  
出版信息: 北京   化学工业出版社  2021
页数: 176页
开本: 24cm
丛书名:
单 册:
中图分类: F293.352 , F293.35
科图分类:
主题词: 房地产市场--市场营销--手册
电子资源:
ISBN: 978-7-122-38485-0
000 01098nam0 2200229 450
001 2258869229
005 20220922162145.16
010    @a978-7-122-38485-0@dCNY78.00
100    @a20210708d2021 em y0chiy50 ea
101 0  @achi
102    @aCN@b110000
105    @aa z 000yy
200 1  @a售罄之道@9shou qing zhi dao@e房地产全程营销能力突破手册@f王敏著
210    @a北京@c化学工业出版社@d2021
215    @a176页@c图@d24cm
330    @a地产营销部一直是房地产企业业绩完成的第一责任部门,企业营销负责人是这个关键部门的核心和灵魂,因为“完成业绩”这个恒定不变的考核指标,这个群体又成为了最容易被地产企业撤换的人。如何成为一个地产企业中强有力营销负责人?本书作者从多年地产操盘和企业营销内训管理经验出发,对宏观视野、个人思维、操盘管理、销售战术、团队培养、领导层博弈、合作伙伴关系等影响营销负责人业绩完成的难题一一破解。给期望成为优秀地产营销负责的受众一本全面提升综合能力、职场情商、操盘专业度的完整修炼手册。
606 0  @a房地产市场@x市场营销@j手册
690    @aF293.352@v5
690    @aF293.35@v4
701  0 @a王敏@9wang min@4著
801  0 @aCN@b91MARC@c20210808
905    @aZUCC@dF293.35@e7
    
    售罄之道:房地产全程营销能力突破手册/王敏著.-北京:化学工业出版社,2021
    176页:图;24cm
    
    
    ISBN 978-7-122-38485-0:CNY78.00
    地产营销部一直是房地产企业业绩完成的第一责任部门,企业营销负责人是这个关键部门的核心和灵魂,因为“完成业绩”这个恒定不变的考核指标,这个群体又成为了最容易被地产企业撤换的人。如何成为一个地产企业中强有力营销负责人?本书作者从多年地产操盘和企业营销内训管理经验出发,对宏观视野、个人思维、操盘管理、销售战术、团队培养、领导层博弈、合作伙伴关系等影响营销负责人业绩完成的难题一一破解。给期望成为优秀地产营销负责的受众一本全面提升综合能力、职场情商、操盘专业度的完整修炼手册。
●
相关链接 在五车中查询图书 在当当中查询图书 在豆瓣中查询图书


正题名:售罄之道     索取号:F293.35/7         预约/预借

序号 登录号 条形码 馆藏地/架位号 状态 备注
1 2000902402   2000902402   第三书库/ [索取号:F293.35/7] 在馆    
2 2000902403   2000902403   第三书库/ [索取号:F293.35/7] 在馆    
3 2000902404   2000902404   第三书库/ [索取号:F293.35/7] 在馆    
山东省滨州职业学院图书馆 欢迎您!
大连网信软件有限公司© 版权所有